| 000 | 00594nam a22002057a 4500 | ||
|---|---|---|---|
| 003 | koha_MIRAKIL | ||
| 005 | 20260212131922.0 | ||
| 008 | 260212b tur||||| |||| 00| 0 tur d | ||
| 020 | _a9786054435883 | ||
| 040 |
_aTR-IsEVY _btur _cTR-IsEVY |
||
| 082 | _aFIC JAN/K | ||
| 100 | _aJanosch. | ||
| 245 | 0 |
_aKaplancık'a mektup var / _cJanosch. |
|
| 250 | _a3. bs. | ||
| 260 |
_aİstanbul : _bKelime Yayınları, _c2020. |
||
| 300 |
_a48 s. : _brenkli resimli ; _c20 cm. |
||
| 650 | _aChildren's literature -- Stories. | ||
| 650 |
_aÇocuk edebiyatı. _vÇocuk Hikayeleri. |
||
| 942 |
_2ddc _cBK |
||
| 999 |
_c23334 _d23334 |
||